| 000 | 00711nam a22001577a 4500 | ||
|---|---|---|---|
| 003 | OSt | ||
| 005 | 20151009110956.0 | ||
| 008 | 151009b xxu||||| |||| 00| 0 eng d | ||
| 040 | _cRUA | ||
| 082 | _aAVM VA 2008 B083 Or.1 | ||
| 100 |
_92436 _aVA, PICHTHIDA. |
||
| 245 | _aThe study on fattening pig raising on small scale prorthiet commune kompong trabek district prey veng province, ការសិក្សាលើការចិញ្ចឹមជ្រុកសាច់របស់កសិករនៅឃុំប្រធាតុ ស្រុកកំពង់ត្របែក ខេត្តព្រៃវែង | ||
| 260 |
_aPhnom Penh _bRUA _c2008 |
||
| 300 |
_a46p. _bill. _c29cm. |
||
| 942 |
_2ddc _cAVM |
||
| 999 |
_c2292 _d2292 |
||